000 00598nam a22002057a 4500
005 20251108171747.0
008 250721s2000 xx 000 0 ara d
082 1 4 _aط/211.84/سوي
100 1 _aسويلم، أحمد
245 1 0 _aناقة صالح /
264 1 _aالرياض :
_bالعبيكان،
_c2000.
300 _a24ص
490 0 _aحيوانات وردت في آيات ؛7
650 1 7 _aالمعجزات
650 1 7 _aالحيوانات
650 1 7 _aالأنبياء
653 _aاطفال مرحلة متوسطة (6-9) سنوات
942 _2ddc
_cBK
999 _c61836
_d61836